Harder Than You Think Trivia Quiz Stats

 Plays Quiz not verified by Sporcle

Challenge
Share
Tweet
Embed
Score 0/10 Timer 04:00
0 Plays Today
Question Answer % Correct
What is the closest star to Earth???
84.2%
What is the most populous country in the world???
81%
What is the Capital of Switzerland???
72.8%
Who was the first man in space???
40.5%
When was the American Constitution written???
24.1%
Who was the first actor to play Hannibal Lecter???
17.1%
Who was the first African-American to play American League Baseball???
13.9%
Who wrote the song 'Respect'???
12%
What does LASER stand for???
9.5%
For what work did Albert Einstein win a Nobel Prize in physics???
7%

You're not logged in!

Compare scores with friends on all Sporcle quizzes.
Join for Free
OR
Log In

You Might Also Like...

Show Comments

Extras

Created Sep 9, 2011ReportNominate
Tags:Minefield Quiz, field, mine

Top Quizzes Today


Score Distribution

Your Account Isn't Verified!

In order to create a playlist on Sporcle, you need to verify the email address you used during registration. Go to your Sporcle Settings to finish the process.

Report this User

Report this user for behavior that violates our Community Guidelines.

Details: